Statistiques concernant Pays d'Amérique en une minute avec une carte.

Cliquez ici pour prendre le quiz!

Statistiques générales

  • Ce quiz a été pris 1 960 fois
  • Le résultat moyen est 23 sur 35

Réponses sur la Carte

Les réponses sont colorées sur une échelle allant du rouge au vert en fonction du pourcentage des utilisateurs qui les ont devinées à leur premier essai. Vous pouvez retrouver ces pourcentages ci-dessous.
 

Statistiques - réponses

Pays% Correct
Etats-Unis
95%
Canada
94%
Mexique
94%
Brésil
88%
Argentine
86%
Chili
85%
Cuba
81%
Pérou
81%
Colombie
79%
Uruguay
78%
Bolivie
74%
Panama
74%
Paraguay
74%
Venezuela
74%
Équateur
72%
Honduras
69%
Belize
66%
Costa Rica
66%
Guyana
66%
Guatemala
65%
Haïti
64%
Nicaragua
64%
Suriname
64%
Salvador
60%
Jamaïque
59%
Bahamas
54%
République dominicaine
48%
Dominique
43%
Sainte-Lucie
38%
Barbade
36%
Antigua-et-Barbuda
34%
Saint-Christophe- et-Niévès
34%
Saint-Vincent-et-les- Grenadines
34%
Grenade
33%
Trinité-et-Tobago
32%

Distribution des résultats

Percentile par nombre de réponses

% des personnes avec chaque résultat

Votre développement - résultats

Vous n’avez pas pris ce quiz